00933nam a2200205 a 450000100100000000500170001000800410002702000150006804000250008324500600010826001010016830000260026950000320029550400720032771000400039971000600043995201050049995201060060499900170071000004117420201002034659.0130920s1994 sp 000 0 spa d a8471006626 aDO-SdBNPbspacBNPHU00aColección documental del descubrimiento :b1470-1506. aMadrid :bReal Academia de la HistoriabConsejo Superior de Ivestigaciones Sientíficas,c1994. av. (544) p. ;c27 cm. aLa biblioteca posee el v. 2 aIncluye referencias bibliográficas y notas al pie de la páginas2 aReal Academia de la Historia9677332 aConsejo Superior de Ivestigaciones Sientíficas967734 001050718MOaGRbGRcCTd2013-09-20iLF1l0o p41174-10r2020-06-25w2020-06-25y1ZNo se presta 0010507-18MOaGRbGRcOId2013-09-20iLF1l0o p41175-10r2020-06-25w2020-06-25y1ZNo se presta c40664d40664